| 000 | 00405cam a2200157ua 4500 | ||
|---|---|---|---|
| 041 |
_aeng _h |
||
| 082 |
_a337 _bSAC/IN |
||
| 100 | _aSachdeva, T N . | ||
| 245 |
_aInternational economics: full view at a glance / _cT N Sachdeva. _hTextual Documents |
||
| 250 |
_a2 / _b. |
||
| 260 |
_a : _bSudha Publications Pvt Ltd , _c1966. |
||
| 300 | _a246 ; . | ||
| 504 | _a | ||
| 942 | _cBK | ||
| 999 |
_c1913 _d1913 |
||